Library Logo

Pioneer International University Library Catalogue

Economics / (Record no. 5866)

MARC details
000 -LEADER
fixed length control field 00544cam a22001814a 4500
005 - DATE AND TIME OF LATEST TRANSACTION
control field 20250901165547.0
008 - FIXED-LENGTH DATA ELEMENTS--GENERAL INFORMATION
fixed length control field 070227s2007 enka b 001 0 eng
010 ## - LIBRARY OF CONGRESS CONTROL NUMBER
LC control number 2007008455
020 ## - INTERNATIONAL STANDARD BOOK NUMBER
International Standard Book Number 9780199286416
050 00 - LIBRARY OF CONGRESS CALL NUMBER
Classification number HB171 .L715 2007
Item number .L715 2007
082 00 - DEWEY DECIMAL CLASSIFICATION NUMBER
Classification number 330
Edition information 22
100 1# - MAIN ENTRY--PERSONAL NAME
Personal name Lipsey, Richard G.,
Dates associated with a name 1928-
245 10 - TITLE STATEMENT
Title Economics /
Statement of responsibility, etc. [Richard G.] Lipsey & [K. Alec] Chrystal.
250 ## - EDITION STATEMENT
Edition statement 11th ed.
260 ## - PUBLICATION, DISTRIBUTION, ETC.
Place of publication, distribution, etc. Oxford ;
-- New York :
Name of publisher, distributor, etc. Oxford University Press,
Date of publication, distribution, etc. 2007.
300 ## - PHYSICAL DESCRIPTION
Extent xix, 665 p. :
Other physical details col. ill. ;
Dimensions 26 cm.
942 ## - ADDED ENTRY ELEMENTS (KOHA)
Source of classification or shelving scheme Dewey Decimal Classification
Holdings
Withdrawn status Lost status Source of classification or shelving scheme Damaged status Not for loan Home library Current library Shelving location Date acquired Total checkouts Full call number Barcode Date last seen Date last checked out Price effective from Koha item type
    Library of Congress Classification     Main Library Main Library   09/14/2021 1 HB171 .L715 2007 PIU0001502B 10/08/2021 10/08/2021 09/14/2021 Books